Responses for Show #4022 - Tuesday, February 12, 2002

2002 Teen Tournament semifinal game 2.

Contestants

[<< previous game]

Andy Kravis, a freshman from Farmington Hills, Michigan

Liana Walters, a junior from Mechanicsburg, Pennsylvania

George Nelson, a senior from Montgomery, Alabama

[next game >>]

Jeopardy! Round responses

THE ANIMAL KINGDOM
CRAYOLA CRAYONS
CLASS ACTIONS
SPORTS HOME CITIES
(Alex: Current.)
THE CIVIL WAR
BODY LANGUAGE
    $200 17
a llama

George
    $200 3
green

Andy
    $200 26
(George: What is a taste test?)

a pop quiz

GeorgeAndy
    $200 11
St. Louis

Liana
    $200 1
Lee

George
    $200 16
the tongue

Liana
    $400 18
(George: What is the pupa?)

larvae

GeorgeAndy
    $400 4
Canary

George
    $400 27
to skip

George
    $400 12
Anaheim

George
    $400 2
Fort Sumter

Andy
    $400 19
teeth

George
    $600 23
(Liana: What is the cheetah?)

the giraffe

GeorgeLiana
    $600 8
Carrot

Andy
    $600 28
a spelling bee

Andy
    $600 13
Montreal

Andy
    $600 5
(George: What is the Monitor?)

the Merrimack (the Virginia)

GeorgeLiana
    $600 20
the spine

Andy
    $800 24
a sea lion

Andy
    $800 9
Burnt Sienna

Liana
    $800 29
a drill

Liana
    $800 14
Miami

Andy
    $800 6
the Mississippi

George
    $800 21
the eye

George
    $1000 25
the Gila monster

Liana
    $500 10
gray

Liana
    $1000 30
(George: What is a Congress?)

an assembly

GeorgeLiana
    $1000 15
Chicago

Triple Stumper
    $1000 7
the Emancipation Proclamation

George
    $1000 22
the shoulder

George

Scores at the first commercial break (after clue 15):

George Liana Andy
$2,200 $2,100 $2,600

Scores at the end of the Jeopardy! Round:

George Liana Andy
$4,000 $4,500 $5,200

Double Jeopardy! Round responses

LAKES & RIVERS
THE DEBATE CLUB
BEFORE HE WAS PRESIDENT
LET'S ALL GO TO THE MOVIES
AMERICAN LIT
I NEED MY SPACE
    $400 1
Lake Superior

Liana
    $400 20
rebut

Andy
    $400 16
(Andy: Who was Washington?)

Lincoln

GeorgeAndy
    $400 8
Drew Barrymore

Liana
    $400 6
Hawthorne

Liana
    $400 24
the Milky Way

Liana
    $800 2
Victoria

George
    $800 22
the status quo

George
    $800 17
(Liana: Who is Washington?)

Jefferson

GeorgeLiana
    $800 9
Lance Bass

Andy
    $1,000 7
(Liana: Who is Tiger Lily?)

Minnehaha

Liana
    $800 25
gravity

Liana
    $1200 3
the Ganges

Andy
    $1200 23
(George: What is provided?)

resolved

George
Triple Stumper
    $1200 18
(Liana: Who is Jackson?)

LBJ (Lyndon Johnson)

GeorgeLiana
    $1200 10
(Andy: What is Crouching Tiger, Hidden Dragon?)

Star Wars: Episode I

Andy
Triple Stumper
    $1200 13
(Alice) Walker

George
    $5,000 26
Neptune

Liana
    $1600 4
the Amazon

Liana
    $1600 29
parliamentary style of debate

Triple Stumper
    $1600 19
Reagan

Liana
    $1600 11
(Lara Croft:) Tomb Raider

George
    $1600 14
The Red Badge of Courage

George
    $1600 27
the Pleiades

George
    $2000 5
the Po

George
    $2000 30
forensics

Liana
    $2000 21
Quaker

George
    $2000 12
The Princess Bride

Triple Stumper
    $2000 15
(Margaret) Mitchell

George
    $2000 28
(Andy: What is Cancer?)

the Crab Nebula

GeorgeAndy

Scores at the end of the Double Jeopardy! Round:

George Liana Andy
$20,800 $14,100 $4,000

[wagering suggestions for these scores]

Final Jeopardy! Round responses

WORD & PHRASE ORIGINS
AndyWhat is Soho?
$3,393
LianaWhat is Silicon Valley?
$14,100
GeorgeWhat is Silicon Valley?
$7,401
Silicon Valley

Final scores:

George Liana Andy
$28,201 $28,200 $607
Finalist 2nd place: $5,000 3rd place: $5,000.

Game dynamics:

Coryat scores:

George Liana Andy
$20,800 $11,800 $4,000
24 R,
5 W
17 R
(including 2 DDs),
4 W
(including 1 DD)
13 R,
3 W

Combined Coryat: $36,600

[game clues] [game scores] [suggest correction]

Game tape date: 2001-12-18
The J! Archive is created by fans, for fans. Scraping, republication, monetization, and malicious use prohibited; this site may use cookies and collect identifying information. See terms. The Jeopardy! game show and all elements thereof, including but not limited to copyright and trademark thereto, are the property of Jeopardy Productions, Inc. and are protected under law. This website is not affiliated with, sponsored by, or operated by Jeopardy Productions, Inc. Join the discussion at JBoard.tv.